<?xml version="1.0" encoding="UTF-8"?><?xml-stylesheet type="text/xsl" href="static/style.xsl"?><OAI-PMH xmlns="http://www.openarchives.org/OAI/2.0/" xmlns:xsi="http://www.w3.org/2001/XMLSchema-instance" xsi:schemaLocation="http://www.openarchives.org/OAI/2.0/ http://www.openarchives.org/OAI/2.0/OAI-PMH.xsd"><responseDate>2026-04-17T04:09:16Z</responseDate><request verb="GetRecord" identifier="oai:www.recercat.cat:10230/70976" metadataPrefix="marc">https://recercat.cat/oai/request</request><GetRecord><record><header><identifier>oai:recercat.cat:10230/70976</identifier><datestamp>2025-08-03T21:14:25Z</datestamp><setSpec>com_2072_6</setSpec><setSpec>col_2072_452952</setSpec></header><metadata><record xmlns="http://www.loc.gov/MARC21/slim" xmlns:dcterms="http://purl.org/dc/terms/" xmlns:xsi="http://www.w3.org/2001/XMLSchema-instance" xmlns:doc="http://www.lyncode.com/xoai" xsi:schemaLocation="http://www.loc.gov/MARC21/slim http://www.loc.gov/standards/marcxml/schema/MARC21slim.xsd">
   <leader>00925njm 22002777a 4500</leader>
   <datafield ind2=" " ind1=" " tag="042">
      <subfield code="a">dc</subfield>
   </datafield>
   <datafield ind2=" " ind1=" " tag="720">
      <subfield code="a">Alari-Pahissa, Elisenda</subfield>
      <subfield code="e">author</subfield>
   </datafield>
   <datafield ind2=" " ind1=" " tag="720">
      <subfield code="a">Federico-Vega, Judith</subfield>
      <subfield code="e">author</subfield>
   </datafield>
   <datafield ind2=" " ind1=" " tag="720">
      <subfield code="a">Ataya Fernández, Michelle, 1993-</subfield>
      <subfield code="e">author</subfield>
   </datafield>
   <datafield ind2=" " ind1=" " tag="720">
      <subfield code="a">Buxeda, Anna</subfield>
      <subfield code="e">author</subfield>
   </datafield>
   <datafield ind2=" " ind1=" " tag="720">
      <subfield code="a">Bello-Rico, Víctor</subfield>
      <subfield code="e">author</subfield>
   </datafield>
   <datafield ind2=" " ind1=" " tag="720">
      <subfield code="a">Gimeno, Javier</subfield>
      <subfield code="e">author</subfield>
   </datafield>
   <datafield ind2=" " ind1=" " tag="720">
      <subfield code="a">Yélamos López, José</subfield>
      <subfield code="e">author</subfield>
   </datafield>
   <datafield ind2=" " ind1=" " tag="720">
      <subfield code="a">Altadill, Mireia</subfield>
      <subfield code="e">author</subfield>
   </datafield>
   <datafield ind2=" " ind1=" " tag="720">
      <subfield code="a">Sanz-Ureña, Sara</subfield>
      <subfield code="e">author</subfield>
   </datafield>
   <datafield ind2=" " ind1=" " tag="720">
      <subfield code="a">Riera, Marta</subfield>
      <subfield code="e">author</subfield>
   </datafield>
   <datafield ind2=" " ind1=" " tag="720">
      <subfield code="a">Burballa Tàrrega, Carla, 1988-</subfield>
      <subfield code="e">author</subfield>
   </datafield>
   <datafield ind2=" " ind1=" " tag="720">
      <subfield code="a">Chamoun, Betty Odette</subfield>
      <subfield code="e">author</subfield>
   </datafield>
   <datafield ind2=" " ind1=" " tag="720">
      <subfield code="a">Pérez-Sáez, María José</subfield>
      <subfield code="e">author</subfield>
   </datafield>
   <datafield ind2=" " ind1=" " tag="720">
      <subfield code="a">Redondo Pachón, María Dolores</subfield>
      <subfield code="e">author</subfield>
   </datafield>
   <datafield ind2=" " ind1=" " tag="720">
      <subfield code="a">Vilches, Carlos</subfield>
      <subfield code="e">author</subfield>
   </datafield>
   <datafield ind2=" " ind1=" " tag="720">
      <subfield code="a">Crespo Barrio, Marta</subfield>
      <subfield code="e">author</subfield>
   </datafield>
   <datafield ind2=" " ind1=" " tag="720">
      <subfield code="a">López-Botet, M. (Miguel)</subfield>
      <subfield code="e">author</subfield>
   </datafield>
   <datafield ind2=" " ind1=" " tag="260">
      <subfield code="c">2025-07-23T07:11:23Z</subfield>
   </datafield>
   <datafield ind2=" " ind1=" " tag="260">
      <subfield code="c">2025-07-23T07:11:23Z</subfield>
   </datafield>
   <datafield ind2=" " ind1=" " tag="260">
      <subfield code="c">2025</subfield>
   </datafield>
   <datafield ind2=" " ind1=" " tag="520">
      <subfield code="a">Inhibitory killer cell immunoglobulin-like receptors (iKIRs) are randomly expressed by natural killer (NK) cell subsets and recognize motifs shared by HLA class-I (HLA-I) allotypes. Such interactions prevent NK cell autoreactivity while enhancing their response against cells lacking those HLA-I molecules (missing self), a situation defined in transplantation as iKIR-HLA-I mismatch (iKIR-MM), whose genotypic prediction has been associated with microvascular inflammation (MVI). Herein, we compared iKIR-MM in kidney transplant recipients with MVI ≥2 (n = 19) and controls with MVI ≤1 (n = 36). In parallel to genetic analysis of iKIR-MM, which was more frequent in MVI ≥2 patients, putative alloreactive iKIR-MM NK cells were defined by flow cytometry as NKG2A(-) cells bearing self-specific but lacking donor-specific iKIR. Although iKIR-MM NK cells were detected in both groups, their pretransplant numbers were higher in MVI ≥2 patients (median = 11.02, interquartile range = 0-58.31 vs median = 0, interquartile range = 0-9.46), especially in the presence of donor-specific antibodies or C4d, and correlated with MVI grade. Pretransplant, a subset of MVI ≥2 patients showed high proportions and numbers of oligoclonal iKIR-MM NK cells, which displayed an NKG2C(+) adaptive phenotype associated with cytomegalovirus infection. This pilot study provides a novel perspective on the contribution of iKIR-MM NK cells to MVI, with potential practical implications.</subfield>
   </datafield>
   <datafield ind2=" " ind1=" " tag="520">
      <subfield code="a">J.F.V. had support from a grant awarded by the Catalan Transplantation Foundation. This study was supported by grants: “PI20/00090” and “PI23/00061”, funded by Instituto de Salud Carlos III (ISCIII) FIS and co-funded by the European Union (EU-FEDER); “PID2019-110609RB-C21” and “PID2019-110609RB-C22” (funded by Agencia Estatal de Investigación and cofunded by EU-FEDER; “P105/U/2018” (Fundació la Marató de TV3); “RD21/0005/0022” (National Network for Kidney Research RICORS2024, co-funded by Spanish Ministry of Health-ISCIIII and European Union-NextGenerationEU), Instituto de Salud Carlos III (ISCIII) RICORS program to RICORS 2040-Renal (RD24/0004/0003) funded by European Union – NextGenerationEU, Mecanismo para la Recuperación y la Resiliencia (MRR), and a 2023 Nephrology Research grant (Spanish Society of Nephrology S.E.N).</subfield>
   </datafield>
   <datafield tag="653" ind2=" " ind1=" ">
      <subfield code="a">KIR-HLA-I mismatch</subfield>
   </datafield>
   <datafield tag="653" ind2=" " ind1=" ">
      <subfield code="a">Antibody-mediated rejection</subfield>
   </datafield>
   <datafield tag="653" ind2=" " ind1=" ">
      <subfield code="a">Killer cell immunoglobulin-like receptors</subfield>
   </datafield>
   <datafield tag="653" ind2=" " ind1=" ">
      <subfield code="a">Microvascular inflammation</subfield>
   </datafield>
   <datafield tag="653" ind2=" " ind1=" ">
      <subfield code="a">Natural killer cells</subfield>
   </datafield>
   <datafield tag="653" ind2=" " ind1=" ">
      <subfield code="a">Renal transplant</subfield>
   </datafield>
   <datafield ind2="0" ind1="0" tag="245">
      <subfield code="a">Alloreactive adaptive natural killer cells in renal transplantation: potential contribution to allograft microvascular inflammation</subfield>
   </datafield>
</record></metadata></record></GetRecord></OAI-PMH>